000 00946nas a2200313 4500
001 BR0401207
003 BR-BrBNA
005 20231205104417.0
007 ta
008 230509b bl.|||p| |||| 00| 00por d
040 _aBR-BrBNA
_bpor
_cBiblioteca Nacional de Agricultura
041 _a(Pt)
072 _aH20; F50
100 1 _aBringel, J.M.M.
100 1 _aNishijima, M.L.
100 1 _aBedendo, I.P.
245 1 _aDesenvolvimento de Ralstonia solanacearum biovar 2 no sistema radicular de plantas de batata e berinjela
650 _aBATATA
650 _aBERINJELA
650 _aBACTÉRIA PATOGÊNICA
650 _aMURCHA BACTERIANA
650 _aSISTEMA RADICULAR
650 _aESTUFA
650 _aANÁLISE ESTATÍSTICA
650 _aRAIZ
773 0 _tSumma Phytopathologica (Brazil)
_xISSN 0100-5405
_g(Jul-Sep 2002), v. 28(3) p. 271-275
_wBR0401207
909 _a202311
_bLúcia
_c55
_dLúcia Elande
942 _2AGRIS
_n0
_cANA
999 _c177994
_d177994